Eleusis : ses mysteres, ses ruines et son musee : (avec un plan en couleurs)

Αποθηκεύτηκε σε:
Λεπτομέρειες βιβλιογραφικής εγγραφής
Κύριος συγγραφέας: Φίλιος, Δημήτριος 1844-1907
Μορφή: Βιβλίο
Γλώσσα:French
Δημοσίευση: Athenes : Imprimerie Anestis Constantinides, 1896
Θέματα:
Ετικέτες: Προσθήκη ετικέτας
Δεν υπάρχουν, Καταχωρήστε ετικέτα πρώτοι!

MARC

LEADER 00000cam a2200000 i 4500
001 1/67194
008 150217s1896 fre d
035 |l 10121120 
040 |a GR-MY-UA  |b gre  |e aacr 
041 0 |a fre 
082 0 |a 938.24  |2 (23) 
100 1 |a Φίλιος, Δημήτριος  |d 1844-1907. 
245 1 0 |a Eleusis :  |b ses mysteres, ses ruines et son musee : (avec un plan en couleurs) /  |c par Demetrios Philios (1882-1894) 
260 |a Athenes :   |b Imprimerie Anestis Constantinides,   |c 1896 
300 |a 83 σ.;  |b [1] αναδιπλ. σχέδιο;  |c 19 εκ. 
500 |a Στο verso ετικέτα "Ιπποκράτης Νικολάου τη Πορφυριάδι Σχολή των Καρλοβασίων" στο recto σφραγίδα "Πορφυριάς Αστική Σχολή Καρλοβασίων" με αρ. 165. 
650 0 0 |a Eleusinian mysteries. 
650 0 0 |a Archaeological museums and collections  |z Greece  |z Eleusis. 
650 0 0 |a Excavations (Archaeology)  |z Greece  |z Eleusis. 
651 0 |a Eleusis (Greece)  |x Antiquities. 
852 |a INST  |b SAMOS  |c PORFYRIADA  |e 20150217  |h 938.24 ΦΙΛ  |p 005300041731  |q 005300041731  |t NOLOAN  |y 23 
901 |a BIBL3-2015-1 
909 |a Σ  |b 191801 
970 |a ΣΙΤΖΙΜΗ  |b ΓΙΑΣΕΜΗ  |z 2015/02/17